Principles of marketing /
This book is about: Understanding environments, markets, customers and consumers; marketing information; Segmentation and positioning; The marketing mix and targeting; Product policy...
Shranjeno v:
| Glavni avtor: | |
|---|---|
| Format: | Knjiga |
| Jezik: | English |
| Izdano: |
London ; New York :
Routledge,
1993.
|
| Teme: | |
| Oznake: |
Označite
Brez oznak, prvi označite!
|
| Thư viện lưu trữ: | Mạng thư viện Đại học Đà Nẵng |
|---|
| LEADER | 00973cam a2200325 i 4500 | ||
|---|---|---|---|
| 001 | 000047611 | ||
| 003 | 7301 | ||
| 005 | 20030313082123.0 | ||
| 008 | 010321|1993 vm 000 eng | ||
| 020 | |a 0415072662 | ||
| 040 | |a IRC |c IRC |d IRC | ||
| 041 | 0 | |a eng | |
| 082 | 1 | 4 | |a 658.8 |b RA-G |
| 100 | 1 | |a Randall, Geoffrey. | |
| 245 | 0 | 0 | |a Principles of marketing / |c Geoffrey Randall. |
| 260 | |a London ; New York : |b Routledge, |c 1993. | ||
| 300 | |a vii, 249 p. : |b ill. ; |c 23.5cm. | ||
| 520 | 3 | |a This book is about: Understanding environments, markets, customers and consumers; marketing information; Segmentation and positioning; The marketing mix and targeting; Product policy... | |
| 630 | 0 | 4 | |a Marketing. |
| 650 | 0 | 4 | |a Marketing. |
| OWN | |a DUT | ||
| 999 | |a From the UDN01 | ||
| TYP | |a Monograph | ||
| TYP | |a Printed language | ||
| 980 | |a Mạng thư viện Đại học Đà Nẵng | ||


